[Event "TUR Cup										"]
[Site "Antalya"]
[Date "2018.01.31"]
[Round "7"]
[White "Tepe, Efe Can"]
[Black "Korkmaz, Turhan"]
[Result "1-0"]
[WhiteElo "2055"]
[BlackElo "1871"]
[PlyCount "65"]
[EventDate "2018.01.27"]
[EventType "swiss"]
[EventRounds "11"]
[EventCountry "TUR"]
[SourceTitle "CBM 182 Extra"]
[Source "ChessBase"]
[SourceDate "2018.02.23"]
[SourceVersion "1"]
[SourceVersionDate "2018.02.23"]
[SourceQuality "1"]

1. e4 c5 2. Nf3 e6 3. d4 cxd4 4. Nxd4 a6 5. Nc3 b5 6. g3 Bb7 7. Bg2 d6 8. 0-0 Nf6 9. Re1 Be7 10. e5 dxe5 11. Bxb7 Ra7 12. Bc6+ Kf8 13. Ndxb5 axb5 14. Bxb5 Qc7 15. Be3 Ra5 16. a4 h5 17. h4 Nc6 18. Bxc6 Qxc6 19. Nb5 Ra8 20. Bg5 Ng4 21. Bxe7+ Kxe7 22. Qe2 g5 23. hxg5 h4 24. Qxg4 hxg3 25. Qb4+ Ke8 26. Qe4 gxf2+ 27. Kxf2 Qc5+ 28. Kg3 Rd8 29. Rad1 Qe7 30. Rxd8+ Qxd8 31. Qc6+ Ke7 32. Qc5+ Ke8 33. Nc7+ 1-0

[Event "TUR Cup										"]
[Site "Antalya"]
[Date "2018.01.30"]
[Round "6"]
[White "Korkmaz, Turhan"]
[Black "Ererdem, Gani Eren"]
[Result "1-0"]
[WhiteElo "1871"]
[BlackElo "2199"]
[PlyCount "125"]
[EventDate "2018.01.27"]
[EventType "swiss"]
[EventRounds "11"]
[EventCountry "TUR"]
[SourceTitle "CBM 182 Extra"]
[Source "ChessBase"]
[SourceDate "2018.02.23"]
[SourceVersion "1"]
[SourceVersionDate "2018.02.23"]
[SourceQuality "1"]

1. e4 c5 2. Nf3 d6 3. d4 cxd4 4. Nxd4 Nf6 5. Nc3 a6 6. h3 e6 7. g4 Nc6 8. g5 Nd7 9. h4 Be7 10. Be3 0-0 11. f4 Nxd4 12. Qxd4 b5 13. a3 Bb7 14. Rh3 Rc8 15. 0-0-0 Qa5 16. Bd2 Qb6 17. Qxb6 Nxb6 18. Be3 Nc4 19. Bxc4 Rxc4 20. Bd4 Rfc8 21. b3 R4c7 22. Kb2 d5 23. Be5 Rc5 24. Bd4 R5c7 25. Bb6 Rxc3 26. Rxc3 Bxa3+ 27. Kxa3 Rxc3 28. Kb2 Rc8 29. e5 h6 30. Rd4 h5 31. Ba5 Kh7 32. Be1 Kg6 33. c3 a5 34. Kc2 Kf5 35. Kd3 Ra8 36. Kc2 a4 37. Rb4 Bc6 38. Bd2 Kg4 39. Kb2 Be8 40. Be1 axb3 41. f5+ Kxf5 42. Bg3 Ra4 43. Kxb3 Rxb4+ 44. Kxb4 Kg4 45. Bf2 Kf4 46. Kc5 Kxe5 47. Bd4+ Ke4 48. Bxg7 e5 49. Kd6 b4 50. cxb4 d4 51. Bxe5 d3 52. Bc3 Bb5 53. Kc5 Bd7 54. b5 Ke3 55. b6 Bc8 56. Kd6 d2 57. Bxd2+ Kxd2 58. Ke7 Kd3 59. Kxf7 Kc4 60. g6 Kc5 61. g7 Bb7 62. Kg6 Be4+ 63. Kxh5 1-0

[Event "TUR Cup										"]
[Site "Antalya"]
[Date "2018.01.29"]
[Round "4"]
[White "Korkmaz, Turhan"]
[Black "Dalgar, Hakki Berat"]
[Result "0-1"]
[WhiteElo "1871"]
[BlackElo "2154"]
[PlyCount "130"]
[EventDate "2018.01.27"]
[EventType "swiss"]
[EventRounds "11"]
[EventCountry "TUR"]
[SourceTitle "CBM 182 Extra"]
[Source "ChessBase"]
[SourceDate "2018.02.23"]
[SourceVersion "1"]
[SourceVersionDate "2018.02.23"]
[SourceQuality "1"]

1. d4 f5 2. Bg5 h6 3. Bf4 Nf6 4. Be5 e6 5. Nd2 Nc6 6. e4 fxe4 7. Bxf6 Qxf6 8. Nxe4 Qxd4 9. Bd3 Ne5 10. Nf6+ Kd8 11. Ne4 d5 12. Nc3 Bc5 13. Qe2 Rf8 14. 0-0-0 Rxf2 15. Qh5 Nxd3+ 16. Rxd3 Qf4+ 17. Kb1 Rf1+ 18. Nd1 Rxg1 19. Rxg1 Bxg1 20. Rf3 Qg5 21. Rf8+ Kd7 22. Qe8+ Kd6 23. Rf7 Bd4 24. Qf8+ Kc6 25. Qe8+ Kb6 26. Qa4 c5 27. b4 a5 28. bxc5+ Bxc5 29. Nc3 Bb4 30. Qb5+ Ka7 31. Qc6 Qe5 32. Nb5+ Kb8 33. Qe8 Qe1+ 34. Kb2 Ba3+ 35. Nxa3 Qb4+ 36. Kc1 Qxa3+ 37. Kd1 Ra6 38. Rf3 Qc5 39. Qg6 Rb6 40. Qxg7 Rb1+ 41. Kd2 Qb4+ 42. Rc3 Qf4+ 43. Re3 d4 44. Qe5+ Qxe5 45. Rxe5 Rg1 46. Re2 Ra1 47. Rf2 Rxa2 48. Rf6 e5 49. h3 Ra3 50. Rxh6 Rg3 51. Rh5 Rxg2+ 52. Kd3 Rg3+ 53. Kd2 Re3 54. Rh8 Rxh3 55. Re8 Re3 56. c3 a4 57. cxd4 exd4 58. Rd8 a3 59. Rxd4 a2 60. Ra4 Rh3 61. Kc2 Rh2+ 62. Kc1 b5 63. Ra5 b4 64. Rb5+ Kc7 65. Ra5 b3 0-1

[Event "Kesan op 15th"]
[Site "Kesan"]
[Date "2017.08.14"]
[Round "3"]
[White "Korkmaz, Turhan"]
[Black "Buyukasik, Diyap"]
[Result "0-1"]
[WhiteElo "1867"]
[BlackElo "2285"]
[PlyCount "108"]
[EventDate "2017.08.13"]
[EventType "swiss"]
[EventRounds "9"]
[EventCountry "TUR"]
[SourceTitle "CBM 180 Extra"]
[Source "ChessBase"]
[SourceDate "2017.10.06"]
[SourceVersion "1"]
[SourceVersionDate "2017.10.06"]
[SourceQuality "1"]

1. e4 c5 2. Nf3 d6 3. d4 cxd4 4. Nxd4 Nf6 5. Nc3 a6 6. Be2 e5 7. Nb3 Be6 8. 0-0 Be7 9. a4 0-0 10. Kh1 Nbd7 11. Be3 Rc8 12. a5 Qc7 13. h3 Qc6 14. Bf3 Rfd8 15. g4 Nf8 16. Bb6 Re8 17. Be3 Red8 18. Bb6 Rd7 19. Be3 Ng6 20. g5 Ne8 21. Nd5 Bd8 22. Bg4 Qxc2 23. Bxe6 Qxd1 24. Bxf7+ Rxf7 25. Rfxd1 Rf3 26. Rac1 Rxc1 27. Rxc1 Bxg5 28. Nd2 Bxe3 29. fxe3 Rf2 30. Nc4 Nh4 31. Kg1 Rg2+ 32. Kh1 Rf2 33. Kg1 Rg2+ 34. Kh1 Re2 35. Rf1 h5 36. Ne7+ Kh7 37. Nf5 Nxf5 38. exf5 Rc2 39. b3 Rc3 40. Rb1 e4 41. Kg2 h4 42. Kf2 Kh6 43. Ke2 Rc2+ 44. Nd2 d5 45. Rg1 Nf6 46. Rb1 Ra2 47. b4 Nh5 48. Kd1 Ng3 49. Nb3 Nxf5 50. Nc5 Nxe3+ 51. Ke1 Rh2 52. Rc1 d4 53. Nxe4 d3 54. Nf2 Rxf2 0-1

[Event "TUR-chT2"]
[Site "Konya"]
[Date "2017.07.09"]
[Round "1.14"]
[White "Korkmaz, Turhan"]
[Black "Kiren, Halil"]
[Result "1-0"]
[WhiteElo "1900"]
[BlackElo "1673"]
[PlyCount "65"]
[EventDate "2017.07.09"]
[EventType "team-swiss"]
[EventRounds "9"]
[EventCountry "TUR"]
[SourceTitle "CBM 179 Extra"]
[Source "ChessBase"]
[SourceDate "2017.08.23"]
[SourceVersion "1"]
[SourceVersionDate "2017.08.23"]
[SourceQuality "1"]
[WhiteTeam "Uludag Univ"]
[BlackTeam "Burdur Belediyesi"]
[WhiteTeamCountry "TUR"]
[BlackTeamCountry "TUR"]

1. d4 Nf6 2. c4 g6 3. Nc3 Bg7 4. e4 d6 5. f4 0-0 6. Be2 c5 7. d5 Nbd7 8. g4 Qa5 9. Bd2 a6 10. g5 Ne8 11. h4 Qb6 12. a4 e5 13. f5 f6 14. Bg4 Kf7 15. Nf3 Rh8 16. 0-0 Nf8 17. h5 gxh5 18. Bxh5+ Ke7 19. a5 Qc7 20. Qe2 Bd7 21. Rf2 Qc8 22. Raf1 Nc7 23. Qd3 Be8 24. Bg4 Bf7 25. Na4 Qe8 26. Nb6 Rb8 27. Bh3 Nd7 28. b4 cxb4 29. Bxb4 Nxb6 30. axb6 Na8 31. Qa3 Qd7 32. Nxe5 fxe5 33. f6+ 1-0

[Event "TUR Cup"]
[Site "Antalya"]
[Date "2017.02.04"]
[Round "11"]
[White "Korkmaz, Turhan"]
[Black "Gunduz, Umut Erdem"]
[Result "1/2-1/2"]
[WhiteElo "1867"]
[BlackElo "1975"]
[PlyCount "70"]
[EventDate "2017.01.28"]
[EventType "swiss"]
[EventRounds "11"]
[EventCountry "TUR"]
[SourceTitle "CBM 176 Extra"]
[Source "ChessBase"]
[SourceDate "2017.03.02"]
[SourceVersion "1"]
[SourceVersionDate "2017.03.02"]
[SourceQuality "1"]

1. d4 Nf6 2. c4 c5 3. d5 e6 4. Nc3 exd5 5. cxd5 d6 6. e4 g6 7. f4 Bg7 8. e5 Nfd7 9. Ne4 dxe5 10. Nd6+ Ke7 11. Nxc8+ Qxc8 12. d6+ Kf8 13. Nf3 exf4 14. Bxf4 Bxb2 15. Bh6+ Bg7 16. Qd2 Kg8 17. Bc4 Bxh6 18. Qxh6 Qf8 19. Qf4 h6 20. 0-0 Nc6 21. Rae1 Nb6 22. Ne5 Nxe5 23. Rxe5 Nxc4 24. Qxc4 Rd8 25. Rxc5 Rh7 26. Rf6 Rg7 27. Rd5 Qe8 28. h3 b6 29. Kh2 Kh7 30. Qd4 Rd7 31. h4 h5 32. Re5 Qd8 33. Rg5 Rg8 34. Qf4 Kg7 35. Rxh5 Re8 1/2-1/2

[Event "TUR Cup"]
[Site "Antalya"]
[Date "2017.02.02"]
[Round "8"]
[White "Elalmis, Husamettin"]
[Black "Korkmaz, Turhan"]
[Result "0-1"]
[WhiteElo "1736"]
[BlackElo "1867"]
[PlyCount "66"]
[EventDate "2017.01.28"]
[EventType "swiss"]
[EventRounds "11"]
[EventCountry "TUR"]
[SourceTitle "CBM 176 Extra"]
[Source "ChessBase"]
[SourceDate "2017.03.02"]
[SourceVersion "1"]
[SourceVersionDate "2017.03.02"]
[SourceQuality "1"]

1. e4 c5 2. Nf3 d6 3. d4 cxd4 4. Nxd4 Nf6 5. Nc3 a6 6. Bg5 e6 7. f4 Be7 8. Qf3 Nbd7 9. 0-0-0 h6 10. Bh4 g5 11. fxg5 Ne5 12. gxf6 Nxf3 13. fxe7 Qb6 14. Nxf3 Bd7 15. Bd3 Rg8 16. Rd2 Rc8 17. Re1 Qa5 18. Bf6 e5 19. Bf1 Rxc3 20. bxc3 Qxa2 21. Rxd6 Qa3+ 22. Kb1 Qxd6 23. Bxe5 Qb6+ 24. Kc1 Kxe7 25. Bd4 Qa5 26. Ne5 Be6 27. h3 h5 28. g4 hxg4 29. hxg4 Bxg4 30. Nxg4 Rxg4 31. Kb1 b5 32. Bc5+ Ke8 33. Bh3 Qxc3 0-1

[Event "TUR Cup"]
[Site "Antalya"]
[Date "2017.02.02"]
[Round "9"]
[White "Korkmaz, Turhan"]
[Black "Cam, Vedat"]
[Result "1-0"]
[WhiteElo "1867"]
[BlackElo "1778"]
[PlyCount "84"]
[EventDate "2017.01.28"]
[EventType "swiss"]
[EventRounds "11"]
[EventCountry "TUR"]
[SourceTitle "CBM 176 Extra"]
[Source "ChessBase"]
[SourceDate "2017.03.02"]
[SourceVersion "1"]
[SourceVersionDate "2017.03.02"]
[SourceQuality "1"]

1. e4 c5 2. Nc3 Nc6 3. f4 e6 4. Nf3 d5 5. Bb5 d4 6. Ne2 Bd7 7. Bxc6 Bxc6 8. d3 b6 9. 0-0 Bd6 10. Ng3 h5 11. h4 g6 12. Qe1 Qc7 13. e5 Be7 14. Ne4 Nh6 15. g3 Nf5 16. Kh2 Nh6 17. b4 Ng4+ 18. Kh3 Bd5 19. Bd2 Kf8 20. c3 dxc3 21. Bxc3 Kg7 22. bxc5 Bxc5 23. Rc1 Ba3 24. Rc2 a5 25. Nd4 Qd7 26. f5 Rhf8 27. Nf6 Nxf6 28. exf6+ Kh7 29. Qe3 exf5 30. Kh2 Rfe8 31. Qg5 Be6 32. Rcf2 Bf8 33. Qd2 Bh6 34. Rf4 b5 35. Qd1 b4 36. Bd2 Rac8 37. Nf3 Rc5 38. d4 Rd5 39. Ne5 Qd8 40. Rxf5 gxf5 41. Bxh6 Qxf6 42. Qxh5 Kg8 1-0

[Event "Manavgat Turkey Cup"]
[Site "Manavgat"]
[Date "2015.02.05"]
[Round "9"]
[White "Ozbay, Ece"]
[Black "Korkmaz, Turhan"]
[Result "1-0"]
[WhiteElo "1654"]
[BlackElo "1867"]
[PlyCount "108"]
[EventDate "2015.01.31"]
[EventType "swiss"]
[EventRounds "11"]
[EventCountry "TUR"]
[SourceTitle "CBM 164 Extra"]
[Source "ChessBase"]
[SourceDate "2015.03.02"]
[SourceVersion "1"]
[SourceVersionDate "2015.03.02"]
[SourceQuality "1"]

1. e4 Nf6 2. e5 Nd5 3. d4 d6 4. c4 Nb6 5. exd6 cxd6 6. Nc3 g6 7. Be2 Bg7 8. b3 Nc6 9. Nf3 Bg4 10. Be3 0-0 11. 0-0 e5 12. d5 Bxf3 13. Bxf3 Ne7 14. Ne4 h6 15. Rc1 f5 16. Nc3 Nd7 17. Be2 g5 18. f3 f4 19. Bf2 b6 20. Bd3 Nc5 21. Bxc5 bxc5 22. Qc2 Qd7 23. Rce1 Bf6 24. Rc1 Kg7 25. Ne4 h5 26. h3 Rh8 27. Nf2 Rag8 28. Be4 Kf7 29. Rb1 g4 30. fxg4 hxg4 31. Nxg4 Rxg4 32. hxg4 Qxg4 33. Rf3 Bh4 34. Rh3 Rg8 35. Kf1 a5 36. Bf3 Qf5 37. Qxf5+ Nxf5 38. Ke2 Bg5 39. Kd3 Ng3 40. Rh7+ Kg6 41. Rd7 Kf5 42. Re1 Rg6 43. a3 Bh6 44. Ra7 e4+ 45. Rxe4 Rg7 46. Ree7 Rg8 47. Rxa5 Rb8 48. Rb5 Ra8 49. a4 Bf8 50. Rf7+ Kg6 51. Rxf4 Nh1 52. Be4+ Kg5 53. Rf5+ Kg4 54. Rf7 Re8 1-0

[Event "Malatya Golden Apricot op 2nd"]
[Site "Malatya"]
[Date "2014.06.16"]
[Round "2"]
[White "Gholami, Aryan"]
[Black "Korkmaz, Turhan"]
[Result "1-0"]
[WhiteElo "2278"]
[BlackElo "1848"]
[PlyCount "87"]
[EventDate "2014.06.15"]
[EventType "swiss"]
[EventRounds "9"]
[EventCountry "TUR"]
[SourceTitle "CBM 160 Extra"]
[Source "ChessBase"]
[SourceDate "2014.07.01"]
[SourceVersion "1"]
[SourceVersionDate "2014.07.01"]
[SourceQuality "1"]

1. d4 Nf6 2. Nf3 g6 3. Bf4 Bg7 4. e3 d6 5. h3 0-0 6. Be2 c5 7. 0-0 Qb6 8. Nbd2 cxd4 9. exd4 Nd5 10. Nc4 Qc7 11. Bg3 f5 12. Ne3 Nb6 13. Bf4 h6 14. h4 Kh7 15. c4 e5 16. c5 exf4 17. cxb6 Qxb6 18. Nd5 Qd8 19. Nxf4 Nc6 20. Qd2 Qf6 21. Rfd1 Bd7 22. Bb5 a6 23. Ba4 b5 24. Bb3 Rae8 25. Rac1 Re4 26. Bd5 Ne7 27. Bb7 Bc8 28. Bxc8 Nxc8 29. Rc6 a5 30. Rdc1 Ne7 31. Ra6 a4 32. g3 Rc8 33. Rxc8 Nxc8 34. Ra5 Qf7 35. Rxb5 Qxa2 36. Qc1 Ne7 37. Rb7 Nd5 38. Nxd5 Qxd5 39. Qc7 Qg8 40. Qxd6 f4 41. Ne5 Re1+ 42. Kg2 f3+ 43. Kh2 Qe8 44. Qf6 1-0

[Event "TUR-ch"]
[Site "Antalya"]
[Date "2013.02.03"]
[Round "3"]
[White "Ertan, Can"]
[Black "Korkmaz, Turhan"]
[Result "1-0"]
[WhiteElo "2281"]
[BlackElo "1948"]
[PlyCount "97"]
[EventDate "2013.02.02"]
[EventType "swiss"]
[EventRounds "11"]
[EventCountry "TUR"]
[SourceTitle "CBM 152 Extra"]
[Source "ChessBase"]
[SourceDate "2013.02.25"]
[SourceVersion "1"]
[SourceVersionDate "2013.02.25"]
[SourceQuality "1"]

1. e4 c5 2. Nf3 e6 3. d4 cxd4 4. Nxd4 a6 5. Bd3 Nc6 6. Nxc6 bxc6 7. 0-0 Bc5 8. Nd2 d6 9. c4 e5 10. Nb3 Ba7 11. c5 d5 12. exd5 cxd5 13. Qe2 Bb8 14. f4 Qe7 15. fxe5 Bxe5 16. Re1 Bc7 17. Bg5 Qxe2 18. Rxe2+ Kf8 19. Rae1 f6 20. Re8+ Kf7 21. Bd2 Be5 22. Rd8 Ke7 23. Rxe5+ Kxd8 24. Ba5+ Kd7 25. Bf5+ Kc6 26. Re8 Nh6 27. Nd4+ Kxc5 28. Rxh8 Bxf5 29. Nb3+ Kc6 30. Rxa8 Bd3 31. Rc8+ Kd6 32. Rd8+ Kc6 33. Nd4+ Kc5 34. Ne6+ Kc6 35. Nxg7 Nf7 36. Rc8+ Kd6 37. Rc3 Be4 38. Bc7+ Kd7 39. Bf4 Ne5 40. Nh5 Ke6 41. Be3 Nc4 42. Bd4 f5 43. Nf4+ Kd6 44. Rh3 a5 45. Rh6+ Kd7 46. Rxh7+ Kd6 47. Rh6+ Kd7 48. Ra6 Bb1 49. b3 1-0

[Event "TUR-ch"]
[Site "Kemer"]
[Date "2012.02.05"]
[Round "10"]
[White "Acar, Sadullah"]
[Black "Korkmaz, Turhan"]
[Result "1-0"]
[WhiteElo "1820"]
[BlackElo "1980"]
[PlyCount "115"]
[EventDate "2012.01.29"]
[EventType "swiss"]
[EventRounds "10"]
[EventCountry "TUR"]
[SourceTitle "CBM 146 Extra"]
[Source "ChessBase"]
[SourceDate "2012.02.29"]
[SourceVersion "1"]
[SourceVersionDate "2012.02.29"]
[SourceQuality "1"]

1. Nf3 d5 2. d4 Nf6 3. e3 g6 4. c4 c6 5. Be2 Bg7 6. 0-0 0-0 7. Nc3 Bf5 8. Qb3 Qd7 9. Ne5 Qc7 10. cxd5 cxd5 11. Bf3 e6 12. Bd2 Nc6 13. Nxc6 bxc6 14. Na4 Rab8 15. Qa3 Nd7 16. Bb4 Rxb4 17. Qxb4 Rb8 18. Qc3 c5 19. Rac1 c4 20. g4 Be4 21. Bxe4 dxe4 22. Qxc4 Qd8 23. Qc7 Qg5 24. Qg3 Rf8 25. Nc5 Nf6 26. h4 Qd5 27. Nb3 Nd7 28. Rc7 a5 29. Rfc1 a4 30. Nc5 Ne5 31. Nxa4 Nf3+ 32. Kg2 Qxa2 33. Nc3 Qa8 34. Ne2 e5 35. Rd7 Qa6 36. Ng1 Qe6 37. Rcc7 Nd2 38. d5 Qa6 39. Kh3 Qf1+ 40. Qg2 Qd1 41. d6 Nf3 42. Nxf3 exf3 43. Qg3 Qf1+ 44. Kh2 e4 45. Re7 Ra8 46. d7 Bf6 47. Re8+ Kg7 48. Rxa8 Bxh4 49. Qg1 Qb5 50. Kh3 Qd5 51. Kxh4 g5+ 52. Kh5 Qd6 53. Rg8+ Kxg8 54. d8Q+ Qxd8 55. Qc1 Qd6 56. Rc8+ Kg7 57. Qc3+ f6 58. Qc7+ 1-0

[Event "Adana Ataturk op"]
[Site "Adana"]
[Date "2006.11.07"]
[Round "2"]
[White "Gaprindashvili, Valeriane"]
[Black "Korkmaz, Turhan"]
[Result "1-0"]
[WhiteElo "2481"]
[BlackElo "2039"]
[PlyCount "101"]
[EventDate "2006.11.06"]
[EventType "swiss"]
[EventRounds "8"]
[EventCountry "TUR"]
[SourceTitle "CBM 115 Extra"]
[Source "ChessBase"]
[SourceDate "2007.01.10"]
[SourceVersion "1"]
[SourceVersionDate "2007.01.10"]
[SourceQuality "1"]

1. d4 d5 2. c4 e6 3. Nc3 Nf6 4. Bg5 c6 5. e3 Nbd7 6. Nf3 Qa5 7. Nd2 dxc4 8. Bxf6 Nxf6 9. Nxc4 Qc7 10. Be2 Be7 11. 0-0 0-0 12. a3 a5 13. Rc1 Rd8 14. Qb3 b5 15. Ne5 Qb6 16. Na4 Qb7 17. Nxc6 bxa4 18. Qxb7 Bxb7 19. Nxe7+ Kf8 20. Nc6 Bxc6 21. Rxc6 Rdb8 22. Rb1 Ne4 23. Rc2 Ra7 24. Bf3 Nd6 25. Bc6 Rc7 26. Rbc1 Rbc8 27. Bxa4 Rxc2 28. Rxc2 Rxc2 29. Bxc2 Nc4 30. b4 axb4 31. axb4 Ke7 32. Bd3 Nb6 33. Kf1 Nd5 34. b5 Kd6 35. Ke2 f5 36. Bc4 Nb6 37. Kd3 e5 38. dxe5+ Kxe5 39. f4+ Kd6 40. Kd4 Nd7 41. Bd3 g6 42. e4 fxe4 43. Bxe4 Nb6 44. g4 Nd7 45. g5 Ke6 46. h4 Kd6 47. f5 Nf8 48. b6 Nd7 49. b7 Kc7 50. fxg6 hxg6 51. Bxg6 1-0